Teaching strategy : (Record no. 156642)

MARC details
000 -LEADER
fixed length control field 00635nam a22001937a 4500
005 - DATE AND TIME OF LATEST TRANSACTION
control field 20180904104118.0
010 ## - LCCN (DPL NO)
LC control number ENG-123906
020 ## - INTERNATIONAL STANDARD BOOK NUMBER
Terms of availability 495.00
International Standard Book Number 9788170494294
035 ## - SYSTEM CONTROL NUMBER
System control number EN-107438
037 ## - SOURCE OF ACQUISITION
Source of stock number/acquisition DBAD/PUB
082 ## - DEWEY DECIMAL CLASSIFICATION NUMBER
Classification number 355.540973
245 ## - TITLE STATEMENT
Title Teaching strategy :
Statement of responsibility, etc ed.by Gabriel Marcella
Remainder of title challenge and response /
260 ## - PUBLICATION, DISTRIBUTION, ETC. (IMPRINT)
Date of publication, distribution, etc 2012
Place of publication, distribution, etc New Delhi
Name of publisher, distributor, etc Manas Publications
270 ## - ADDRESS
Address 4402/5-A, Ansari Road (Opp. HDFC Bank) Darya Ganj,
City New Delhi
Postal code 110002
300 ## - PHYSICAL DESCRIPTION
Dimensions 21cm.(Hb.)
Extent 224p.
Other physical details ill.(pictures)
500 ## - GENERAL NOTE
General note It includes index
700 ## - ADDED ENTRY--PERSONAL NAME
Personal name Marcella, Gabriel
942 ## - ADDED ENTRY ELEMENTS (KOHA)
Item type English Books
Source of classification or shelving scheme Dewey Decimal Classification
Call number suffix TEA
Classification part 355.540973
Holdings
Withdrawn status Lost status Not for loan Collection code Home library Current library Date acquired Source of acquisition Cost, normal purchase price Full call number Barcode Copy number Cost, replacement price Koha item type
    Not For Loan Non-fiction D.B.Act.Division Patel Nagar 30/08/2018 DBAD/PUB 495.00 355.540973 TEA EN-107438 1 495.00 English Books

© Delhi Public Library
Hit Counter
free hit counter